Loading...
| Literature - European Literature | 0 | 8 | 1 | 0 | 75 | 98 | 125.75 | 0 | 1 |
| Literature - British Literature | 0 | 7 | 0 | 2 | 70 | 99 | 126.86 | 0 | 2 |
| Literature - World Literature | 0 | 6 | 0 | 2 | 60 | 73 | 118.67 | 1 | 1 |
| Science - Chemistry | 0 | 5 | 2 | 1 | 40 | 92 | 105.00 | 0 | 1 |
| Literature - American Literature | 0 | 4 | 0 | 0 | 40 | 93 | 126.25 | 0 | 2 |
| Mythology | 0 | 3 | 0 | 1 | 30 | 117 | 124.00 | 0 | 0 |
| Fine Arts - Classical Music | 0 | 3 | 1 | 0 | 25 | 102 | 106.33 | 0 | 0 |
| History - Other History | 0 | 3 | 1 | 1 | 25 | 89 | 115.33 | 1 | 1 |
| Social Science | 0 | 2 | 0 | 1 | 20 | 109 | 124.50 | 0 | 0 |
| Philosophy | 0 | 2 | 0 | 0 | 20 | 102 | 104.00 | 0 | 1 |
| Religion | 0 | 2 | 0 | 0 | 20 | 96 | 99.00 | 0 | 1 |
| Other Academic | 0 | 2 | 1 | 1 | 15 | 108 | 123.00 | 0 | 0 |
| Science - Physics | 0 | 1 | 0 | 0 | 10 | 140 | 140.00 | 0 | 0 |
| History - American History | 0 | 1 | 0 | 0 | 10 | 71 | 71.00 | 0 | 1 |
| History - European History | 0 | 1 | 0 | 0 | 10 | 121 | 121.00 | 0 | 0 |
| History - World History | 0 | 0 | 1 | 0 | -5 | 0.00 | 0 | 0 |